| 000 | 00469nam a2200193Ia 4500 | ||
|---|---|---|---|
| 005 | 20240823040829.0 | ||
| 008 | 240823s9999||||xx |||||||||||||| ||und|| | ||
| 020 | _a978-93-80578-52-1 | ||
| 041 | _aENGLISH | ||
| 082 | _A671 Q3 | ||
| 100 | _aNarayana K L [et al] | ||
| 245 | 0 | _aProduction Technology | |
| 250 | _a3rd | ||
| 260 |
_c2013 _bI K International Pub. |
||
| 500 | _aYES | ||
| 650 |
_aProduction Technology _bMechanical |
||
| 942 | _cBK | ||
| 999 |
_c204049 _d204049 |
||